Southville International School and Colleges
Your cart is empty.
  • Cart
  • Lists
    Public lists Eva Luna New books Lux_list list_1
    Your lists Log in to create your own lists
  • Log in to your account
  • Your cookies
  • Search history
Southville International School and Colleges
  • Advanced search
  • Recent comments
  • Most popular
  • Libraries

Log in to your account

Log in with GOOGLE


If you do not have an external account, but do have a local account, you can still log in:

  1. Home
  2. MARC view: The Beardstown Ladies' common-sense investment guide :
Normal view MARC view ISBD view

The Beardstown Ladies' common-sense investment guide : (Record no. 15155)

[ view plain ]
MARC details
000 -LEADER
fixed length control field 01590cam a2200397 a 4500
001 - CONTROL NUMBER
control field 4432916
003 - CONTROL NUMBER IDENTIFIER
control field OSt
005 - DATE AND TIME OF LATEST TRANSACTION
control field 20140310182659.0
008 - FIXED-LENGTH DATA ELEMENTS--GENERAL INFORMATION
fixed length control field 940525s1994 nyua bf 001 0 eng
010 ## - LIBRARY OF CONGRESS CONTROL NUMBER
LC control number 94019423
020 ## - INTERNATIONAL STANDARD BOOK NUMBER
International Standard Book Number 0786881208
040 ## - CATALOGING SOURCE
Original cataloging agency DLC
Transcribing agency DLC
Modifying agency DLC
043 ## - GEOGRAPHIC AREA CODE
Geographic area code n-us---
050 00 - LIBRARY OF CONGRESS CALL NUMBER
Classification number HG 4527
Item number .B368 1994
082 00 - DEWEY DECIMAL CLASSIFICATION NUMBER
Classification number M 332.6322
Item number B38 1994
110 2# - MAIN ENTRY--CORPORATE NAME
Corporate name or jurisdiction name as entry element Beardstown Ladies Investment Club.
245 14 - TITLE STATEMENT
Title The Beardstown Ladies' common-sense investment guide :
Remainder of title how we beat the stock market-and how you can too /
Statement of responsibility, etc the Beardstown Ladies Investment Club with Leslie Whitaker.
250 ## - EDITION STATEMENT
Edition statement 1st ed.
260 ## - PUBLICATION, DISTRIBUTION, ETC. (IMPRINT)
Place of publication, distribution, etc New York :
Name of publisher, distributor, etc Hyperion,
Date of publication, distribution, etc c1994.
300 ## - PHYSICAL DESCRIPTION
Extent xix, 232 p. :
Other physical details ill. ;
Dimensions 24 cm.
500 ## - GENERAL NOTE
General note "A Seth Godin production."
504 ## - BIBLIOGRAPHY, ETC. NOTE
Bibliography, etc Includes bibliographical references (p. 214) and index.
521 ## - TARGET AUDIENCE NOTE
Target audience note
526 ## - STUDY PROGRAM INFORMATION NOTE
Reading level 0L t 1700L
541 ## - IMMEDIATE SOURCE OF ACQUISITION NOTE
-- 1
562 ## - COPY AND VERSION IDENTIFICATION NOTE
Number of copies for circulation. 1 copy available in the collection
650 #0 - SUBJECT ADDED ENTRY--TOPICAL TERM
Topical term or geographic name as entry element Investments
Geographic subdivision United States
General subdivision Handbooks, manuals, etc.
650 #0 - SUBJECT ADDED ENTRY--TOPICAL TERM
Topical term or geographic name as entry element Businesswomen
Geographic subdivision United States
General subdivision Handbooks, manuals, etc.
650 #0 - SUBJECT ADDED ENTRY--TOPICAL TERM
Topical term or geographic name as entry element Women
Geographic subdivision United States
General subdivision Finance, Personal
-- Handbooks, manuals, etc.
650 #0 - SUBJECT ADDED ENTRY--TOPICAL TERM
Topical term or geographic name as entry element Investment clubs
Geographic subdivision United States
General subdivision Handbooks, manuals, etc.
700 1# - ADDED ENTRY--PERSONAL NAME
Personal name Whitaker, Leslie.
740 0# - ADDED ENTRY--UNCONTROLLED RELATED/ANALYTICAL TITLE
Uncontrolled related/analytical title Common sense investment guide.
906 ## - LOCAL DATA ELEMENT F, LDF (RLIN)
a 7
b cbc
c orignew
d 1
e ocip
f 19
g y-gencatlg
942 ## - ADDED ENTRY ELEMENTS (KOHA)
Source of classification or shelving scheme Library of Congress Classification
Koha item type Books
Call number prefix
Holdings
Withdrawn status Lost status Source of classification or shelving scheme Damaged status Home library Current library Shelving location Date acquired Total Checkouts Full call number Barcode Date last seen Date checked out Copy number Price effective from Koha item type
    Library of Congress Classification   College Library College Library General Circulation Section 04/19/2012 1 HG 4527 .B368 1994 C0126 05/15/2018 10/24/2014 1 04/19/2012 Books

The Beardstown Ladies' common-sense investment guide :

APA

Beardstown Ladies Investment Club, Whitaker L., . (1994). The Beardstown Ladies' common-sense investment guide. New York: Hyperion.

Chicago

Beardstown Ladies Investment Club, Whitaker Leslie, . 1994. The Beardstown Ladies' common-sense investment guide. New York: Hyperion.

Harvard

Beardstown Ladies Investment Club, Whitaker L., . (1994). The Beardstown Ladies' common-sense investment guide. New York: Hyperion.

MLA

Beardstown Ladies Investment Club, Whitaker Leslie, . The Beardstown Ladies' common-sense investment guide. New York: Hyperion. 1994.

  • Place hold
  • Print
  • Cite
  • Add to your cart (remove)
  • Save record
    BIBTEX Dublin Core MARCXML MARC (non-Unicode/MARC-8) MARC (Unicode/UTF-8) MARC (Unicode/UTF-8, Standard) MODS (XML) RIS
  • More searches
    Search for this title in:
    Other Libraries (WorldCat) Other Databases (Google Scholar) Online Stores (Bookfinder.com) Open Library (openlibrary.org)

Exporting to Dublin Core...

SOUTHVILLE LIBRARY

Southville International School and Colleges Library

1281 Tropical Ave. Cor. Luxembourg St., BF Homes International, Las Pinas City

Tel. No. 8256374 / 252358 Loc. 117/146

Powered by Koha